000 00936 a2200169 4500
003 NUST
005 20230202130923.0
040 _cNust
082 _a954,NEH
100 _aNehru, Jawaharlal
_91499
245 _aIndia And The World /
_cJawaharlal Nehru
260 _aLondon
_bGeorge Allen & co
_c1936
300 _a262:p.
505 _aPresidential Address to the National Congress ,1929 (Page-13), Whither India ,1933 (Page-39), Presidential Address to the National Congress,1936 (Page-64), Prison-Land , 1934 (Page-108), The Mind of a Judge ,1935 (Page-130), Quetta,1935 (Page-146), First letter to Indira (Page-156), The Last Letter to Indira (Page-162), Mahatma Gandhi ,1936 (Page-172), A Letter to an Englishman (Page-177), India and The World (Page-200), A Visit to England ,1936 (Page-210), The Way to Peace ,1936 (Page-218), Indian Problems (Page-226).
650 _aIndia And The World
_9108493
942 _2ddc
_cBK
_k954,NEH
999 _c187398
_d187398